Library Banner

Beyond pain : (Record no. 89595)

MARC details
000 -LEADER
fixed length control field 00774cam a22002534a 4500
001 - CONTROL NUMBER
control field 13764299
005 - DATE AND TIME OF LATEST TRANSACTION
control field 20161231100216.0
008 - FIXED-LENGTH DATA ELEMENTS--GENERAL INFORMATION
fixed length control field 041028t20052003miua b s001 0 eng
020 ## - INTERNATIONAL STANDARD BOOK NUMBER
International Standard Book Number 9780670043705
040 ## - CATALOGING SOURCE
Transcribing agency PK-LaUMT
082 00 - DEWEY DECIMAL CLASSIFICATION NUMBER
Classification number 616.0472
Edition number 22
Item number MAI-B
100 1# - MAIN ENTRY--PERSONAL NAME
Personal name Mailis-Gagnon, Angela
245 10 - TITLE STATEMENT
Title Beyond pain :
Remainder of title making the mind-body connection /
Statement of responsibility, etc Angela Mailis-Gagnon and David Israelson ; with a foreword by Oliver Sacks.
260 ## - PUBLICATION, DISTRIBUTION, ETC. (IMPRINT)
Place of publication, distribution, etc London :
Name of publisher, distributor, etc Viking Canada,
Date of publication, distribution, etc 2003
300 ## - PHYSICAL DESCRIPTION
Extent xiv, 274 p. :
Other physical details ill. ;
Dimensions 24 cm.
500 ## - GENERAL NOTE
General note Originally published: Viking Canada, c2003.
650 #0 - SUBJECT ADDED ENTRY--TOPICAL TERM
Topical term or geographic name as entry element Pain.
650 #0 - SUBJECT ADDED ENTRY--TOPICAL TERM
Topical term or geographic name as entry element Mind and body.
650 12 - SUBJECT ADDED ENTRY--TOPICAL TERM
Topical term or geographic name as entry element Pain
650 22 - SUBJECT ADDED ENTRY--TOPICAL TERM
Topical term or geographic name as entry element Chronic Disease
650 22 - SUBJECT ADDED ENTRY--TOPICAL TERM
Topical term or geographic name as entry element Pain
General subdivision psychology
700 1# - ADDED ENTRY--PERSONAL NAME
Personal name Israelson, David.
942 ## - ADDED ENTRY ELEMENTS (KOHA)
Koha item type Books
Holdings
Withdrawn status Lost status Damaged status Home library Current library Date acquired Full call number Barcode Date last seen Price effective from Koha item type
      UMT Main Campus UMT Main Campus 2016-12-31 616.0472 MAI-B 104769 2016-12-31 2016-12-31 Books